| 000 | 00482nam a2200133Ia 4500 | ||
|---|---|---|---|
| 008 | 160809s9999 xx 000 0 und d | ||
| 100 | _aLoiacono, Vito. | ||
| 245 | _aPRINCIPALS WHO UNDERSTAND APPLIED BEHAVIOR ANALYSIS PERCIEVE THEY | ||
| 245 | _cVito Loiacono Anthony Palumbo Long Island University. | ||
| 260 | _bInternational Journal of Special Education | ||
| 260 | _c2011 | ||
| 650 | _xSPECIAL EDUCATION | ||
| 856 | _uhttp://www.internationaljournalofspecialed.com/issues.php | ||
| 999 |
_c300437 _d300437 |
||